000 nam a22 7a 4500
999 _c129596
_d129596
008 190509b xxu||||| |||| 00| 0 eng d
020 _a0-87973-825-1
050 _aBV1475.2.B78 1977
100 _aBrusselmans, Christiane
_946379
245 _aA parent's guide:
_breligion for litte children
_c/ by Christiane Brusselmans and Edward Wakin
250 _arev. ed.
260 _aIndiana:
_bOur Sunday visitor,
_c1977.
300 _a199p. ;
_c21cm.
650 _aReligious education of pre-school children
_946380
650 _aChildren
_xreligious life
_935497
700 _aWakin, Edward
_946381
942 _2lcc
_cMONOGRAPH